50 Most Famous Cities in Morocco (incl. Western Sahara) on a Map - Statistics

General Stats
  • This quiz has been taken 159 times
  • The average score is 21 of 52
Answers on the Map
Answers color-coded by a green-red scale on the quiz's map according to % correct below.
 
Answer Stats
Wiki Monthly Views Cityquiz Mention Rate Population Answers % Correct
193.72K 47.82% 3218.04K Casablanca
97%
80.67K 44.15% 515.62K Rabat
95%
73.64K 28.24% 1182.96K Fez
94%
151.89K 32.91% 1014.81K Marrakesh
92%
96.26K 22.94% 1275.43K Tangier
91%
44.19K 8.00% 504.77K Agadir
81%
25.01K 4.90% 556.51K Meknes
74%
33.68K 10.11% 262.79K Laayoune
69%
28.68K 3.23% 422.76K Tétouan
63%
14.91K 6.09% 945.10K Salé
60%
20.72K 3.19% 506.22K Oujda
59%
12.70K 2.45% 323.89K Safi
54%
19.00K 2.37% 165.46K Dakhla
53%
31.93K 1.88% 82.96K Essaouira
51%
15.44K 1.98% 158.20K Nador
51%
13.22K 1.33% 507.74K Kenitra
49%
14.75K 1.04% 237.46K El Jadida
45%
31.46K 0.86% 46.17K Chefchaouen
42%
13.97K 0.60% 50.23K Al Hoceima
39%
7.40K 0.85% 194.36K Mohammedia
39%
11.89K 0.87% 209.59K Beni Mellal
38%
8.95K 0.51% 133.73K Larache
37%
19.78K 1.38% 79.22K Ouarzazate
37%
8.98K 0.86% 150.76K Taza
36%
7.05K 0.63% 195.93K Khouribga
33%
7.01K 0.47% 99.07K Berkane
32%
4.63K 0.36% 123.74K Khenifra
31%
8.09K 0.27% 83.50K Taroudant
28%
4.07K 0.54% 126.73K Guelmim
27%
3.90K - 10.51K Saïdia
27%
3.77K 0.54% 76.13K Tan-Tan
27%
14.05K - 13.96K Ifrane
26%
8.89K 0.93% 22.70K Sidi Ifni
26%
4.82K 0.79% 86.59K Tiznit
26%
5.74K 0.33% 97.69K Errachidia
25%
4.06K - 10.45K Figuig
25%
6.97K - 0.50K Merzouga
24%
4.69K 0.42% 171.56K Settat
24%
5.71K 0.59% 56.61K Smara
23%
7.48K 0.08% 36.04K Asilah
22%
8.81K 0.13% 57.36K Boujdour
20%
6.72K 0.29% 124.70K Ksar el-Kebir
20%
5.61K - 3.13K La Güera
20%
4.40K 0.15% 11.03K Tarfaya
19%
3.87K 0.26% 125.83K Khemisset
18%
4.90K 0.20% 44.24K Tinghir
15%
4.13K 0.05% 57.74K Ouazzane
14%
7.40K - 3.00K Tifariti
14%
4.93K 0.43% 42.29K Zagora
14%
5.48K - 10.04K Moulay Idriss Zerhoun
13%
4.17K 0.06% 28.91K Erfoud
11%
3.75K 0.09% 106.42K Kalaat Sraghna
9%
No matching quizzes found
Score Distribution
Percent of People with Each Score
Percentile by Number Answered
Your Score History
You have not taken this quiz